00664nam a2200193 i 450000100060000000300090000600500170001500700030003200800410003510000420007624500530011825000120017126000470018330000330023065000420026385200220030599900170032795201260034477198ES-MaACL20230906173120.0t|041007s1960 sp f |||| | spa d1 aGutiérrez Larraya, Tomás.914970613aLa pintura al óleo / cpor Tomás G. Larraya. a1ª ed. aBarcelona : bSuc. de E. Meseguer, c1960. a112 p., 48 lám. ; c17 cm.04aPintura al óleo-xTécnica.916017 aES-MaACLjC-18837 c77198d77198 00104070aATENEOMbATENEOMcGaleríad2008-01-17eSCl0oC-18837p1080771r2023-02-23 00:00:00w2023-02-23yMONOGRAFIA